JetPunk-Geographie-Test: Länder, Hauptstädte, Flaggen, Formen, Städte - Statistiken

Allgemein
  • Dieses Quiz wurde 461 mal gespielt
  • Das Durchschnittsergebnis liegt bei 24 aus 30
Antwortstatistiken
% Korrekt
Flaggen Italien
99%
Hauptstädte Polen Warschau
99%
Hauptstädte China Peking
98%
Städte Marseille Frankreich
96%
Flaggenumrisse Portugal
96%
Flaggen Saudi-Arabien
96%
Hauptstädte Argentinien Buenos Aires
94%
Flaggenumrisse Südafrika
94%
Umrisse Chile
93%
Städte Vancouver Kanada
93%
Flaggen Vietnam
91%
Flaggen Kuba
87%
Umrisse Japan
86%
Flaggen Angola
84%
Städte Brisbane Australien
84%
Revision Bhutan
82%
Städte Nairobi Kenia
81%
Hauptstädte Iran Teheran
81%
Umrisse Dänemark
76%
Umrisse Mongolei
76%
Flaggenumrisse Gabun
75%
Revision Fidschi
73%
Flaggenumrisse Madagaskar
73%
Revision Piräus Griechenland
65%
Flaggenumrisse Guyana
64%
Städte Medellin Kolumbien
55%
Umrisse Sambia
54%
Hauptstädte Somalia Mogadischu
50%
Revision Nicaragua Managua
37%
Revision Tadschikistan
33%
Keine übereinstimmenden Quizze gefunden
Verteilung der Resultate
Anzahl Personen mit jedem Resultat
Perzentil nach korrekt beantworteten Fragen
Ihre Resultats-Entwicklung
Sie haben dieses Quiz noch nicht gespielt